LAB MANUAL FOR HUMAN ANATOMY & PHYSIOLOGY (Record no. 33291)

MARC details
000 -LEADER
fixed length control field 00406nam a22001577a 4500
003 - CONTROL NUMBER IDENTIFIER
control field SGT
020 ## - INTERNATIONAL STANDARD BOOK NUMBER
International Standard Book Number 9781543348637
082 ## - DEWEY DECIMAL CLASSIFICATION NUMBER
Classification number 611
Item number L25N
100 ## - MAIN ENTRY--PERSONAL NAME
Personal name NALLA, SWATHI
245 ## - TITLE STATEMENT
Title LAB MANUAL FOR HUMAN ANATOMY & PHYSIOLOGY
260 ## - PUBLICATION, DISTRIBUTION, ETC. (IMPRINT)
Place of publication, distribution, etc PUNJAB
Name of publisher, distributor, etc S.VIKSH & COMPANY
Year of Publication 2025
300 ## - PAGE DESCRIPTION
No. of Pages 200
650 ## - SUBJECT ADDED ENTRY--TOPICAL TERM
Topical term or geographic name as entry element ANATOMY & PHYSIOLOGY
653 ## - KEYWORDS--INDEX TERM
Keyword term LAB, MANUAL, HUMAN, ANATOMY, PHYSIOLOGY
942 ## - ADDED ENTRY ELEMENTS (KOHA)
Source of classification or shelving scheme Dewey Decimal Classification
Koha item type Gifted Books
Holdings
Withdrawn status Lost status Source of classification or shelving scheme Damaged status Use restrictions Not for loan Collection code Home library Current library Shelving location Date acquired Vendor Name Cost, normal purchase price SGTU Total Checkouts Full call number Accession No. (Barcode) Date last seen Bill Date Koha item type
    Dewey Decimal Classification   Restricted Access   PHARMACY SGT FA-FP Library SGT FA-FP Library Text Book 12/01/2026 SGT UNIVERSITY, Dr. VINOD 325.00 SGTU   611 L25N FP5294G 12/01/2026 12/01/2026 Gifted Books